| 000 | 00366nam a22001217a 4500 | ||
|---|---|---|---|
| 008 | 230620b xxu||||| |||| 00| 0 eng d | ||
| 082 |
_a323 _bUN |
||
| 110 |
_bUN _d1995 |
||
| 245 |
_aHuman Rights _binternational Instruments _cchart of Ratifications as at 31 december 1995 _hSupplement No.2A |
||
| 260 |
_aNew York and Geneva _bUN _c1995 |
||
| 300 | _a11p | ||
| 942 |
_2ddc _cBK |
||
| 999 |
_c1851 _d1851 |
||